Piętra klimatyczne w Tatrach - Statystyki

Ogólne statystyki
  • Ten quiz został rozwiązany 50 razy
  • Średni wynik to 4 z 6
Statystyki odpowiedzi
Wysokość nad poziomem morza Odpowiedź % Poprawnych
ponad 2200 turnie
100%
1800-2200 hale
81%
900-1200 regiel dolny
56%
1200-1600 regiel górny
56%
1600-1800 kosodrzewiny
33%
do 900 pogórze
33%
Nie znaleziono quizów pasujących do podanych kryteriów
Rozkład punktacji
Procent ludzi z każdym wynikiem
Percentyl według liczby udzielonych odpowiedzi
Twoja historia wyników
Nie rozwiązałeś tego quizu